El futuro incierto politico-economico... (folleto) /

Guardado en:
Formato: Libro
Publicado: : , 1976
Materias:
Fc
Etiquetas: Agregar Etiqueta
Sin Etiquetas, Sea el primero en etiquetar este registro!
LEADER 00464nam a22001695a 4500
001 CEM.cems007746
005 20060214000000.0
008 130507s1976##################000#0#####d
003 CEMS
082 0 4 |a F320.1 
245 0 0 |a El futuro incierto politico-economico... (folleto) / 
260 |a  :  |b ,  |c 1976 
653 |a Antartida 
653 |a Antartida argentina 
653 |a Argentina-geopolitica 
653 |a Fc 
859 |a CEMS  |b BIB. CEMS - 11 de abril  |h F320.1  |i 2-2  |p 124.44  |t Ej.1